Keralakalanighandu/ (Record no. 181943)

000 -LEADER
fixed length control field 00447nam a22001697a 4500
020 ## - INTERNATIONAL STANDARD BOOK NUMBER
ISBN 9789393969910
082 ## - DEWEY DECIMAL CLASSIFICATION NUMBER
Classification number M 703.954 83
Item number AKS/K
100 ## - MAIN ENTRY--AUTHOR NAME
Personal name Akshara V
100 ## - MAIN ENTRY--AUTHOR NAME
Personal name Jobin Jos Chamakkala
245 ## - TITLE STATEMENT
Title Keralakalanighandu/
Statement of responsibility, etc by Akshara V and Jobin Jos Chamakkala
260 ## - PUBLICATION, DISTRIBUTION, ETC. (IMPRINT)
Place of publication Kozhikode:
Name of publisher Pavanatma Publishers,
Year of publication 2023.
300 ## - PHYSICAL DESCRIPTION
Number of Pages 216p.
650 ## - SUBJECT ADDED ENTRY--TOPICAL TERM
Topical Term Dictionary Arts Kerala
650 ## - SUBJECT ADDED ENTRY--TOPICAL TERM
Topical Term Arts Kerala
650 ## - SUBJECT ADDED ENTRY--TOPICAL TERM
Topical Term Arts
942 ## - ADDED ENTRY ELEMENTS (KOHA)
Koha item type Book
Holdings
Withdrawn status Lost status Damaged status Not for loan Permanent Location Current Location Shelving location Date acquired Cost, normal purchase price Full call number Accession Number Price effective from Koha item type
        Sree Sankaracharya University of Sanskrit Sree Sankaracharya University of Sanskrit Reference 02.06.2026 550.00 R M 703.954 83 AKS/K 109107 02.06.2026 Reference